| 000 | 01584cam a22004574i 4500 | ||
|---|---|---|---|
| 003 | PE-LiUPU | ||
| 005 | 20250731172713.0 | ||
| 008 | 150617s1962 gw r 000 0 spa d | ||
| 035 | _a(Sirsi) a10678 | ||
| 040 |
_aPE-LiUPU _bspa _cPE-LiUPU _erda |
||
| 049 | _aPRUA | ||
| 082 | 0 | 4 |
_a221.48 _bR17 _221 |
| 130 |
_aBiblia _pA.T. _lGriego _sSeptuaginta _f1935. |
||
| 245 | 1 | 0 |
_aSeptuaginta : _bId est vetus testamentum graece iuxta LXX interpretes / _cEditado por Alfred Rahlfs. |
| 264 | 1 |
_aGermany : _bWurttembergische Bibelanstalt Stuttgart, _c1962. |
|
| 300 |
_a1184 páginas ; _c25 centímetros |
||
| 336 |
_atext _2rdacontent |
||
| 337 |
_aunmediated _2rdamedia |
||
| 338 |
_avolume _2rdacarrier |
||
| 505 | 0 | _aAntiguo testamento: Genesis hasta Machabaeorum IV. | |
| 526 | _aSEG42 | ||
| 526 | _aSEG41 | ||
| 526 | _aSEG40 | ||
| 526 | _aSEG39 | ||
| 526 | _aP94 | ||
| 526 | _aP87 | ||
| 526 | _aP86 | ||
| 526 | _aP85 | ||
| 526 | _aP77 | ||
| 526 | _aP76 | ||
| 526 | _aP35 | ||
| 630 |
_aBiblia _pA.T. _lGriego _sSeptuaginta _f1935. |
||
| 700 | 1 |
_aRahlfs, Alfred, _d1865-1935, _eeditor. |
|
| 910 |
_ajck _bjvq _cjck _d20150616 |
||
| 942 |
_2ddc _cBOOK |
||
| 949 |
_a221.48 R17 _wDEWEY _c1 _i06967 _lCCODEBUL1 _mBUL _p00.00 _r0 _sY _tBOOK _u19770408 _xTEOLOGIA _PP35 _0COMPRA _o.STAFF. Colección General |
||
| 994 |
_aC0 _bPEPRU |
||
| 596 | _a1 | ||
| 999 |
_a221.48 R17 _wDEWEY _c748 _i06967 _d748 _e2017-5-8 _f2021-11-11 _g5 _lCCODEBUL1 _mBUL _n2 _p12.00 _q1 _r0 _sY _tBOOK _u2015-6-17 _xTEOLOGIA _PP35 _0COMPRA _o.STAFF. Colección Teología |
||
| 980 |
_81 _gALBERTO SANCHEZ Responsable de Automatización |
||